Score 0/10 Timer 04:00
6 Plays Today
Rank Bank % Correct
2.Bank of America Corp.
87.1%
1.J.P. Morgan Chase & Co.
76.1%
3.Wells Fargo & Co.
68.5%
4.Citigroup Inc.
64.2%
7.U.S. Bancorp
29.8%
5.Goldman Sachs Group Inc.
27.5%
9.PNC Financial Services
24.2%
8.TD Bank
21.8%
6.Morgan Stanley
19.5%
10.Bank of New York Mellon
12.8%

You're not logged in!

Compare scores with friends on all Sporcle quizzes.
OR
Log In

Sporcle TV

Today on Sporcle TV


Watch our educational content, quiz creation guides, and fun videos on Sporcle TV.

Show Comments

Extras

Top Quizzes Today


Score Distribution

Paid Content

Your Account Isn't Verified!

In order to create a playlist on Sporcle, you need to verify the email address you used during registration. Go to your Sporcle Settings to finish the process.

Report this User

Report this user for behavior that violates our Community Guidelines.

Details: